000
00311nam a2200121Ia 4500
008
190216s9999||||xx |||||||||||||| ||und||
100
_a
Elias Valentine
245
2
_a
A Galaxy Of Short Stories
260
_b
Indian Open University Books
_c
1991
300
_a
113p
650
_a
English Short Stories
942
_c
BK
999
_c
13571
_d
13571